000 00544nam a22001817a 4500
005 20251108172645.0
008 250721s2001 xx 000 0 ara d
082 1 4 _a631.4/شما
100 1 _aالشمالي، خالد
_eمؤلف
245 1 0 _aأساسيات علوم الأرض والأتربة /
264 1 _aعمان :
_bدار الضياء،
_c2001.
300 _a336 ص
650 1 7 _aعلوم التربة
650 1 7 _aمحسنات التربة
650 1 7 _aالأراضي الزراعية
942 _2ddc
_cBK
999 _c85173
_d85173